Memorias de guerra (Record no. 71150)

MARC details
000 -LEADER
campo de control de longitud fija 00682nam a2200193 i 4500
001 - NÚMERO DE CONTROL
campo de control 71150
003 - IDENTIFICADOR DE NÚMERO DE CONTROL
campo de control ES-MaACL
005 - FECHA Y HORA DE LA ÚLTIMA TRANSACCIÓN
campo de control 20250918063028.0
007 - CAMPO FIJO DE DESCRIPCIÓN FÍSICA--INFORMACIÓN GENERAL
campo de control de longitud fija t|
008 - DATOS DE LONGITUD FIJA--INFORMACIÓN GENERAL
campo de control de longitud fija 040805s1970 sp ||||1| spa d
100 1# - ENTRADA PRINCIPAL--NOMBRE DE PERSONA
Nombre de persona Gaulle, Charles de,
Fechas asociadas al nombre 1890-1970
9 (RLIN) 56005
245 10 - MENCIÓN DEL TÍTULO
Título Memorias de guerra
Resto del título : (1940-1946) /
Mención de responsabilidad, etc. Charles de Gaulle ; [traducción de J.J. Permanyer, Julio Gómez de la Serna].
260 ## - PUBLICACIÓN, DISTRIBUCIÓN, ETC.
Lugar de publicación, distribución, etc. Barcelona :
Nombre del editor, distribuidor, etc. Luis de Caralt,
Fecha de publicación, distribución, etc. [1970]
300 ## - DESCRIPCIÓN FÍSICA
Extensión 3 v. ;
Dimensiones 18 cm.
700 1# - ENTRADA AGREGADA--NOMBRE PERSONAL
Nombre de persona Gómez de la Serna, Julio,
Fechas asociadas al nombre 1895-1983
9 (RLIN) 57899
700 1# - ENTRADA AGREGADA--NOMBRE PERSONAL
Nombre de persona Permanyer y Ayats, Juan José (
Fechas asociadas al nombre 1848-1919)
9 (RLIN) 131031
852 ## - LOCALIZACIÓN
Ubicación ES-MaACL
Número de control de estantería C-44342-44
Sublocalización o colección R.75762
Holdings
Estatus retirado Estado de pérdida Estado de daño No para préstamo Biblioteca de origen Biblioteca actual Ubicación en estantería Fecha de adquisición Fuente de adquisición Total de préstamos Signatura topográfica completa Código de barras Visto por última vez Precio de reemplazo Tipo de ítem Koha
        Biblioteca del Ateneo de Madrid Biblioteca del Ateneo de Madrid Depósito 2 17/01/2008     C-44342-44 1074500 23/02/2023 23/02/2023 Libro impreso